L'absentéisme: une approche théorique.

Neoklasický model pracovnej ponuky na krátky čas. Analýza pracovnej absencie. Grafické znázornenie optimálnej kombinácie medzi príjmom a voľným časom, ako aj medzi nárokom na odškodné počas choroby a pracovnou ponukou. Teória efektívnej mzdy. Teória ľudského kapitálu. Modely s asymetrickou informáci...

Ausführliche Beschreibung

Gespeichert in:
Bibliographische Detailangaben
1. Verfasser: Stephan, G.
Format: Buchkapitel
Sprache:Französisch
Schlagworte:
Tags: Tag hinzufügen
Keine Tags, Fügen Sie das erste Tag hinzu!

MARC

LEADER 00000naa a2200000 4500
001 r008288
005 20220913125008.8
041 0 |a fre 
044 |a FR 
245 1 0 |a L'absentéisme: une approche théorique.  |c G. Stephan 
520 |a Neoklasický model pracovnej ponuky na krátky čas. Analýza pracovnej absencie. Grafické znázornenie optimálnej kombinácie medzi príjmom a voľným časom, ako aj medzi nárokom na odškodné počas choroby a pracovnou ponukou. Teória efektívnej mzdy. Teória ľudského kapitálu. Modely s asymetrickou informáciou. (Mitteilungen aus der Arbeitsmarkt und Berufsforschung 1991, č.3). 
610 2 0 |a modely ekonomické 
610 2 0 |a teórie ekonomické 
610 2 0 |a absencia 
610 2 0 |a mzdy 
610 2 0 |a príjmy pracovné 
100 1 |a Stephan, G.